Kształty polskich województw w Minecrafcie - Statystyki

Ogólne statystyki
  • Ten quiz został rozwiązany 16 razy
  • Średni wynik to 14 z 16
Statystyki odpowiedzi
Obrazkowy Odpowiedź % Poprawnych
Mazowieckie
100%
Podlaskie
93%
Pomorskie
93%
Dolnośląskie
87%
Podkarpackie
87%
Wielkopolskie
87%
Zachodniopomorskie
87%
Kujawsko-pomorskie
80%
Łódzkie
80%
Lubelskie
80%
Lubuskie
80%
Małopolskie
80%
Opolskie
80%
Śląskie
80%
Świętokrzyskie
80%
Warmińsko-mazurskie
80%
Nie znaleziono quizów pasujących do podanych kryteriów
Rozkład punktacji
Procent ludzi z każdym wynikiem
Percentyl według liczby udzielonych odpowiedzi
Twoja historia wyników
Nie rozwiązałeś tego quizu